Művészet és praxis

Elmentve itt :
Bibliográfiai részletek
Szerző: Czeglédi András
Dokumentumtípus: Cikk
Megjelent: 2017
Sorozat:Különbség 17 No. 1
Kulcsszavak:Művészet, Filozófia
Tárgyszavak:
Online Access:http://acta.bibl.u-szeged.hu/49799
LEADER 00681nab a2200205 i 4500
001 acta49799
005 20251009121714.0
008 171130s2017 hu o 000 hun d
020 |a 1785-7821 
040 |a SZTE Egyetemi Kiadványok Repozitórium  |b hun 
041 |a hun 
100 1 |a Czeglédi András 
245 1 0 |a Művészet és praxis  |h [elektronikus dokumentum] /  |c  Czeglédi András 
260 |c 2017 
300 |a 7-12 
490 0 |a Különbség  |v 17 No. 1 
650 4 |a Bölcsészettudományok 
650 4 |a Filozófia, etika és vallástudományok 
695 |a Művészet, Filozófia 
856 4 0 |u http://acta.bibl.u-szeged.hu/49799/1/kulonbseg_2017_001_007-012.pdf  |z Dokumentum-elérés